|
|
|
|
| LEADER |
01291pam a22003978a 4500 |
| 001 |
00036597 |
| 005 |
20171026081025.0 |
| 008 |
170314s2017 ||||||viesd |
| 020 |
# |
# |
|c 59000
|a 9786040097620
|
| 041 |
0 |
# |
|a vie
|
| 082 |
1 |
4 |
|a 507
|b H561D
|
| 245 |
0 |
0 |
|a Hướng dẫn ôn tập kì thi trung học phổ thông quốc gia năm học 2016 - 2017 khoa học tự nhiên
|c Vũ Đình Túy, Nguyễn Trọng, Vũ Anh Tuấn,.. [và những người khác]
|
| 260 |
# |
# |
|a Hà Nội
|b Giáo dục
|c 2017
|
| 300 |
# |
# |
|a 420 tr.
|c 24 cm.
|
| 653 |
# |
# |
|a Luyện thi
|
| 653 |
# |
# |
|a Khoa học tự nhiên
|
| 653 |
# |
# |
|a Giáo dục
|
| 653 |
# |
# |
|a Trung học phổ thông
|
| 653 |
# |
# |
|a Trắc nghiệm
|
| 700 |
1 |
# |
|a Nguyễn, Trọng
|
| 700 |
1 |
# |
|a Nguyễn, Tất Thắng
|
| 700 |
1 |
# |
|a Ngô, Văn Hùng
|
| 700 |
1 |
# |
|a Trần, Mạnh Long
|
| 700 |
1 |
# |
|a Vũ, Anh Tuấn
|
| 700 |
1 |
# |
|a Vũ, Đình Túy
|
| 852 |
# |
# |
|b Kho mượn
|j KM.0020536
|
| 852 |
# |
# |
|b Kho đọc
|j KD.0017299
|
| 852 |
# |
# |
|j KD.0017299
|j KM.0020536
|
| 910 |
|
|
|d 14/03/2017
|
| 980 |
# |
# |
|a Trung tâm Học liệu Lê Vũ Hùng, Trường Đại học Đồng Tháp
|